El Cacao en la economía colonial de Costa Rica /
Zapisane w:
| 1. autor: | |
|---|---|
| Format: | Praca dyplomowa |
| Wydane: |
San José :
|
| Etykiety: |
Dodaj etykietę
Nie ma etykietki, Dołącz pierwszą etykiete!
|
MARC
| LEADER | 00000 a a2200000 04500 | ||
|---|---|---|---|
| 001 | 17628 | ||
| 003 | |||
| 040 | |a CRAI/IIS |c CRAI/IIS | ||
| 090 | |a EXTRAVIADO | ||
| 100 | |a Roses Alvarado, Carlos A. | ||
| 245 | |a El Cacao en la economía colonial de Costa Rica / |c Carlos A. Roses Alvarado | ||
| 260 | |a San José : | ||
| 300 | |a 125 páginas | ||
| 502 | |a Tesis (Licenciatura en Historia) -- Universidad de Costa Rica, 1975 | ||
| 999 | |c 17968 |d 17968 | ||
